000 00588nam a22002052 4500
001 0000019091
005 20151217152145.0
008 100908s xx 000 0 eng d
020 _a0687497928 :
040 _aKABU
_cKABU
100 1 _aDay, Linda.
_@0000178715
245 1 0 _aEsther /
_cLinda Day.
250 _a1st ed.
260 _aNashiville :
_bAbingdon,
_c2005.
300 _axi, 177 p.
630 0 0 _aBible.
_pO.T.
_pEsther.
_xCriticism, interpretation, etc.
_@0000178716
852 1 _9p500 KES
908 _a100908
950 _@1
999 _c8817
_d8817